| 000 | 00722nam a2200253Ia 4500 | ||
|---|---|---|---|
| 003 | OSt | ||
| 005 | 20220918223839.0 | ||
| 006 | a|||||r|||| 00| 0 | ||
| 007 | ta | ||
| 008 | 220917b |||||||| |||| 00| 0 eng d | ||
| 024 | _a225,412 | ||
| 037 | _cTextual | ||
| 040 |
_aARTS _cARTS _beng |
||
| 041 |
_2eng _aeng |
||
| 082 | _aS:796-86, P4 | ||
| 100 |
_aStraussner Shulamith Lala Ashenberg Ed. _9146779 |
||
| 245 | 0 | _aClinical work with substance-abusing clients | |
| 250 | _a2nd | ||
| 260 |
_aNew York _bThe guilford press USA _c2004 |
||
| 300 |
_axiii, 494p _ccm. |
||
| 650 | _aPSYCHOLOGY | ||
| 942 |
_hS:796-86, P4 _cTEXL _2CC |
||
| 999 |
_c279594 _d279594 |
||